Govt. of
Madhya Pradesh

मालवा की लोककथाऍं (Record no. 65769)

MARC details
000 -LEADER
fixed length control field 00506nam a22001577a 4500
003 - CONTROL NUMBER IDENTIFIER
control field macl
005 - DATE AND TIME OF LATEST TRANSACTION
control field 20221215131548.0
008 - FIXED-LENGTH DATA ELEMENTS--GENERAL INFORMATION
fixed length control field 221215b |||||||| |||| 00| 0 eng d
040 ## - CATALOGING SOURCE
Transcribing agency macl
082 ## - DEWEY DECIMAL CLASSIFICATION NUMBER
Classification number RRC000399
100 ## - MAIN ENTRY--PERSONAL NAME
Personal name श्‍याम परमार
245 ## - TITLE STATEMENT
Title मालवा की लोककथाऍं
260 ## - PUBLICATION, DISTRIBUTION, ETC. (IMPRINT)
Place of publication, distribution, etc. दिल्‍ली
Name of publisher, distributor, etc. ट्रांसवर्ड पब्लिकेशन
Date of publication, distribution, etc. 2022
650 ## - SUBJECT ADDED ENTRY--TOPICAL TERM
Topical term or geographic name as entry element चिल्‍ड्रन बुक
9 (RLIN) 159
942 ## - ADDED ENTRY ELEMENTS (KOHA)
Source of classification or shelving scheme
Koha item type Hindi Books
Holdings
Withdrawn status Lost status Source of classification or shelving scheme Damaged status Not for loan Home library Current library Date acquired Cost, normal purchase price Total Checkouts Full call number Barcode Date last seen Price effective from Koha item type
          MACL MACL 15/12/2022 395.00   741.642 RRC000399 15/12/2022 15/12/2022 Hindi Books